000 00534nam a2200193Ia 4500
005 20250326140549.0
008 250326s9999 xx 000 0 und d
020 _a1-86152-018-2
037 _aTextbook
040 _aFMSL
_beng
_cFMSL
041 _aeng
_2eng
084 _aX:51 N8
_qFMSL
100 _aBrown S
_9152081
245 0 _aPostmodern marketing two: Telling tales
_cBrown S
260 _aNY
_bNY, International Thomson Business
_c1998
300 _a332p
942 _cTB
_hX:51 N8
999 _c1286330
_d1286330